000
00235nam a2200097Ia 4500
008
190216s9999||||xx |||||||||||||| ||und||
100
_a
Madhavikutty
245
0
_a
Narichoorukal Parakkumpol
260
_b
Parishath Book Stall
942
_c
BK
999
_c
23525
_d
23525